000 00384nam a2200169Ia 4500
003 0STCL
008 150530s9999 xx 000 0 und d
040 _aSTCL
_cSTCL
100 _aMaradu Raghunath
245 _aSharavarsham
260 _bRoyal Book; Kottayam
_c0
_aKottayam
300 _a0
546 _aMalayalam
942 _2ddc
_cBK
999 _c48396
_d48396
005 20220125170742.0